Kalamata International Airport Destinations (Kalamata, Greece) - Statistics

General Stats
  • This quiz has been taken 46 times
    11 since last reset
  • The average score is 23 of 29
Answer Stats
Airline Destination % Correct
Transavia Amsterdam
100%
Aegean Airlines Athens
100%
Condor/Discover Airlines Frankfurt
100%
Swiss International Air Lines Geneva
100%
easyJet London (Gatwick)
100%
British Airways London (Heathrow)
100%
Jet2.com/Ryanair London (Stansted)
100%
Aegean Airlines/Condor/Discover Airlines/Lufthansa Munich
100%
Air France Paris (Charles de Gaulle)
100%
Transavia Paris (Orly)
100%
Austrian Airlines/Ryanair Vienna
100%
Edelweiss Air Zürich
100%
Jet2.com Birmingham
86%
Jet2.com Bristol
86%
Aegean Airlines Copenhagen
86%
Jet2.com Edinburgh
86%
Aegean Airlines Heraklion
86%
easyJet/Jet2.com Manchester
86%
Neos Milan (Malpensa)
86%
Aegean Airlines/Scandinavian Airlines Stockholm (Arlanda)
86%
Condor/Eurowings Düsseldorf
71%
Aegean Airlines/Olympic Air Thessaloniki
71%
Aegean Airlines Helsinki
57%
Qanot Sharq Tashkent
57%
Ryanair Bergamo
43%
Volotea Lille
29%
Aegean Airlines/Arkia/FLYYO Tel Aviv
29%
Aegean Airlines Gothenburg
14%
Marathon Airlines Innsbruck
14%
No matching quizzes found
Score Distribution
Percent of People with Each Score
Percentile by Number Answered
Your Score History
You have not taken this quiz since the last reset